| 000 | 01084cam a2200265 i 4500 | ||
|---|---|---|---|
| 003 | SA-RiAUC | ||
| 005 | 20260112061620.0 | ||
| 008 | 251231s1912 su g 00000 ara c | ||
| 040 |
_aSA-RiKSU _bara _cSA-RiAUC _erda |
||
| 043 | _aa-su--- | ||
| 082 | 0 | 4 | _a953.12104 |
| 090 |
_aم ن 953.12104 _bزو ا |
||
| 100 | 1 |
_aالزواوي، عبد الله محمد صالح، _d1266-1343 هجري _eمؤلف. |
|
| 245 | 1 | 0 |
_aبغية الراغبين وقرة عين أهل البلد الأمين / _cعبد الله بن محمد صالح الزواوي. |
| 250 | _aالطبعة الأولى. | ||
| 264 | 1 |
_a[مكان النشر غير محدد] : _b[الناشر غير محدد]، _c[1912] |
|
| 264 | 3 |
_aمكة المكرمة : _bالمطبعة الخيرية |
|
| 300 |
_a48 صفحة ؛ _c23 سم |
||
| 336 |
_aنص _btxt _2rdacontent _3كتاب |
||
| 337 |
_aبدون وسيط _bn _2rdamedia |
||
| 338 |
_aمجلد _bnc _2rdacarrier |
||
| 651 | 7 |
_aمكة المكرمة _xوصف ورحلات _2aucsh |
|
| 942 |
_2ddc _cRBOOK COPY _n0 |
||
| 949 |
_aSA-JeALM _d251231 _umohamedma123 _n1 |
||
| 999 |
_c14006 _d14006 |
||